[Event "EUR-chT Seniors 65"]
[Site "Prague"]
[Date "2021.09.01"]
[Round "3.3"]
[White "Segal, Yosef"]
[Black "Pilar, Miloslav"]
[Result "1/2-1/2"]
[WhiteElo "1814"]
[BlackElo "2035"]
[PlyCount "97"]
[EventDate "2021.08.30"]
[EventType "team-swiss"]
[EventRounds "9"]
[EventCountry "CZE"]
[SourceTitle "CBM 204 Extra"]
[Source "ChessBase"]
[SourceDate "2021.11.30"]
[SourceVersion "1"]
[SourceVersionDate "2021.11.30"]
[SourceQuality "1"]
[WhiteTeam "Israel 65 II"]
[BlackTeam "Vysehrad SK Sokol 65"]
[WhiteTeamCountry "ISR"]
[BlackTeamCountry "CZE"]

1. d4 Nf6 2. c4 c5 3. d5 b5 4. cxb5 a6 5. Nc3 axb5 6. Nxb5 d6 7. Nc3 g6 8. e4 Bg7 9. Bb5+ Bd7 10. Bxd7+ Nbxd7 11. Nge2 0-0 12. 0-0 Qb6 13. Rb1 Ne8 14. Be3 Qa6 15. Qd2 Nc7 16. Bh6 Nb5 17. Bxg7 Kxg7 18. Nxb5 Qxb5 19. Nc3 Qb4 20. Qc2 c4 21. a3 Qc5 22. Ne2 Kg8 23. Qc3 Nb6 24. Qd4 Rfc8 25. Rfc1 Qxd4 26. Nxd4 Kf8 27. Nc6 e6 28. Nb4 exd5 29. exd5 Ra5 30. Kf1 Nxd5 31. Nc2 Rac5 32. Nd4 Nf4 33. b4 cxb3 34. Nxb3 Rxc1+ 35. Nxc1 Ra8 36. Ra1 Ra4 37. g3 Ne6 38. Nd3 Ke7 39. Nb2 Ra5 40. a4 d5 41. Nd3 Kd6 42. Ke2 Nc5 43. Nb2 g5 44. g4 h6 45. Ra3 Ke5 46. h3 f6 47. Nd3+ Kd4 48. Nxc5 Kxc5 49. Kd3 1/2-1/2

[Event "EUR-chT Seniors 65"]
[Site "Prague"]
[Date "2021.08.30"]
[Round "1.2"]
[White "Pilar, Miloslav"]
[Black "Van Bentum, Horst"]
[Result "1/2-1/2"]
[WhiteElo "2035"]
[BlackElo "1989"]
[PlyCount "25"]
[EventDate "2021.08.30"]
[EventType "team-swiss"]
[EventRounds "9"]
[EventCountry "CZE"]
[SourceTitle "CBM 204 Extra"]
[Source "ChessBase"]
[SourceDate "2021.11.30"]
[SourceVersion "1"]
[SourceVersionDate "2021.11.30"]
[SourceQuality "1"]
[WhiteTeam "Vysehrad SK Sokol 65"]
[BlackTeam "Germany North 65"]
[WhiteTeamCountry "CZE"]
[BlackTeamCountry "GER"]

1. d4 Nf6 2. Nf3 e6 3. Bf4 d5 4. e3 c5 5. c3 Nc6 6. Nbd2 Qb6 7. Qc2 Be7 8. Be2 0-0 9. 0-0 Bd7 10. h3 Rac8 11. Qb3 Qxb3 12. axb3 a6 13. Ra2 1/2-1/2

[Event "WchT Seniors 50"]
[Site "Prague"]
[Date "2020.03.07"]
[Round "2.8"]
[White "Pilar, Miloslav"]
[Black "Sokolin, Leonid M"]
[Result "0-1"]
[WhiteElo "2056"]
[BlackElo "2496"]
[PlyCount "126"]
[EventDate "2020.03.06"]
[EventType "team-swiss"]
[EventRounds "7"]
[EventCountry "CZE"]
[SourceTitle "CBM 195 Extra"]
[Source "ChessBase"]
[SourceDate "2020.05.31"]
[SourceVersion "1"]
[SourceVersionDate "2020.05.31"]
[SourceQuality "1"]
[WhiteTeam "Czech Republic 50 VII"]
[BlackTeam "United States 50 II"]
[WhiteTeamCountry "CZE"]
[BlackTeamCountry "USA"]

1. d4 e6 2. Nf3 c5 3. c3 Nf6 4. Bf4 Be7 5. e3 Nc6 6. Nbd2 Nh5 7. Bg3 h6 8. Be2 Nxg3 9. hxg3 d5 10. 0-0 0-0 11. dxc5 Bxc5 12. e4 dxe4 13. Nxe4 Be7 14. Qxd8 Rxd8 15. Rfd1 Bd7 16. Nd6 Rab8 17. Rd2 e5 18. Rad1 Be6 19. b3 a6 20. Nc4 e4 21. Rxd8+ Rxd8 22. Rxd8+ Bxd8 23. Nfd2 f5 24. Nd6 b5 25. a4 Bg5 26. axb5 axb5 27. Bxb5 Bxd2 28. Bxc6 Bxc3 29. Nc4 Bd4 30. Kf1 g5 31. Ke2 Kg7 32. f3 exf3+ 33. gxf3 Kf6 34. Kf1 Bc5 35. Kg2 Ke7 36. Kf1 Kd8 37. Kg2 Kc7 38. Ba8 Ba7 39. Kf1 Kd7 40. Kg2 Ke7 41. Bc6 h5 42. Kh3 Bb8 43. Bb7 Bc7 44. Ba8 Kf6 45. Bc6 Bf7 46. Bb7 Bg6 47. Ba8 f4 48. g4 hxg4+ 49. fxg4 Bd3 50. Kg2 Ke6 51. Bf3 Bd8 52. Nb2 Bc2 53. Bd1 Bg6 54. Bf3 Bf6 55. Nd1 Bd4 56. Kf1 Kd6 57. Ke2 Kc5 58. Kd2 Bf7 59. Nc3 Bxc3+ 60. Kxc3 Bd5 61. b4+ Kd6 62. Bd1 f3 63. Kd3 f2 0-1

[Event "CZE-chT2A 1819"]
[Site "Czech Republic"]
[Date "2019.03.31"]
[Round "11.6"]
[White "Soucha, Stepan"]
[Black "Pilar, Miloslav"]
[Result "1-0"]
[WhiteElo "1829"]
[BlackElo "2123"]
[PlyCount "99"]
[EventDate "2018.10.14"]
[EventType "team-tourn"]
[EventRounds "11"]
[EventCountry "CZE"]
[SourceTitle "EXT 2022"]
[Source "ChessBase"]
[SourceDate "2021.10.06"]
[SourceVersion "1"]
[SourceVersionDate "2021.10.06"]
[SourceQuality "1"]
[WhiteTeam "Strakonice"]
[BlackTeam "Vysehrad II"]
[WhiteTeamCountry "CZE"]
[BlackTeamCountry "CZE"]

1. d4 Nf6 2. c4 c5 3. d5 b5 4. cxb5 a6 5. Nc3 axb5 6. Nxb5 Ba6 7. Nc3 d6 8. Nf3 g6 9. g3 Bg7 10. Bg2 0-0 11. 0-0 Nbd7 12. Re1 Qb6 13. Rb1 Rfb8 14. b3 Ng4 15. Na4 Qa7 16. h3 Ngf6 17. Bb2 Ne4 18. Bxg7 Kxg7 19. Nd2 Nxd2 20. Qxd2 Kg8 21. e4 Rb4 22. Rec1 Rab8 23. Qe3 f6 24. g4 Ne5 25. Nc3 g5 26. Bf1 Bxf1 27. Rxf1 h6 28. f4 Ng6 29. fxg5 hxg5 30. Qf2 Kg7 31. Kg2 Qa6 32. Kg3 Rd4 33. Rbd1 Rbb4 34. Rxd4 cxd4 35. Qe2 Qxe2 36. Nxe2 d3 37. Nc3 Nf4 38. Rd1 Rb8 39. h4 Rc8 40. hxg5 fxg5 41. Nb1 Kf6 42. Kf3 Ke5 43. Ke3 Rh8 44. Nd2 Rh3+ 45. Nf3+ Kf6 46. Rf1 Rg3 47. a4 Rxg4 48. a5 Rg2 49. Nxg5 Kxg5 50. Rxf4 1-0

[Event "CZE-chT2A 1819"]
[Site "Czech Republic"]
[Date "2019.03.17"]
[Round "10.5"]
[White "Bartos, Jan"]
[Black "Pilar, Miloslav"]
[Result "1/2-1/2"]
[WhiteElo "2216"]
[BlackElo "2123"]
[PlyCount "42"]
[EventDate "2018.10.14"]
[EventType "team-tourn"]
[EventRounds "11"]
[EventCountry "CZE"]
[SourceTitle "EXT 2022"]
[Source "ChessBase"]
[SourceDate "2021.10.06"]
[SourceVersion "1"]
[SourceVersionDate "2021.10.06"]
[SourceQuality "1"]
[WhiteTeam "Unichess Underground"]
[BlackTeam "Vysehrad II"]
[WhiteTeamCountry "CZE"]
[BlackTeamCountry "CZE"]

1. d4 Nf6 2. c4 c5 3. d5 b5 4. Qc2 bxc4 5. e4 d6 6. Bxc4 g6 7. Nf3 Bg7 8. 0-0 0-0 9. h3 Ba6 10. Na3 Nfd7 11. Rb1 Bxc4 12. Nxc4 Nb6 13. b3 Nxc4 14. bxc4 Nd7 15. Bd2 Qc7 16. Rb5 a6 17. Ba5 Qa7 18. Rb3 Rab8 19. Rfb1 Rxb3 20. Rxb3 Rb8 21. Bc3 Bxc3 1/2-1/2

[Event "CZE-chT2A 1718"]
[Site "Czech Republic"]
[Date "2017.10.15"]
[Round "1.6"]
[White "Jaros, Martin"]
[Black "Pilar, Miloslav"]
[Result "1/2-1/2"]
[WhiteElo "2246"]
[BlackElo "2123"]
[PlyCount "107"]
[EventDate "2017.10.15"]
[EventType "team-tourn"]
[EventRounds "11"]
[EventCountry "CZE"]
[SourceTitle "EXT 2022"]
[Source "ChessBase"]
[SourceDate "2021.10.06"]
[SourceVersion "1"]
[SourceVersionDate "2021.10.06"]
[SourceQuality "1"]
[WhiteTeam "Kozolupy"]
[BlackTeam "Vysehrad II"]
[WhiteTeamCountry "CZE"]
[BlackTeamCountry "CZE"]

1. e4 e6 2. d4 d5 3. e5 c5 4. c3 Qb6 5. Nf3 Nc6 6. a3 a5 7. Bd3 Bd7 8. 0-0 a4 9. Qe2 Na5 10. Nbd2 c4 11. Bc2 h6 12. Rb1 0-0-0 13. Ne1 f5 14. exf6 gxf6 15. Ndf3 Nb3 16. Bf4 Bd6 17. Bxd6 Qxd6 18. Qe3 Ne7 19. g3 Rdg8 20. Ng2 Ng6 21. Rfe1 f5 22. Ne5 Nxe5 23. dxe5 Qc5 24. Bxb3 Qxe3 25. Rxe3 axb3 26. Rd1 Kd8 27. Rd4 Ke7 28. f3 Rg7 29. Kf2 Bc6 30. Re2 Bd7 31. Red2 Bc6 32. Rh4 Bd7 33. Rdd4 Be8 34. Ke3 Bf7 35. Rh3 Rgh7 36. Rdh4 Ra8 37. Kd2 Rah8 38. Nf4 Kf8 39. g4 fxg4 40. Rxg4 Rg7 41. Rxg7 Kxg7 42. Rg3+ Kh7 43. Ke3 Rc8 44. Ne2 Rc7 45. Nd4 Re7 46. Nb5 Rd7 47. Kd4 b6 48. Nd6 Bg6 49. f4 Rd8 50. h4 Rf8 51. Ke3 Bc2 52. Nb5 Bf5 53. Nd4 Rf7 54. Rg1 1/2-1/2

[Event "CZE-chT2C 1617"]
[Site "Czech Republic"]
[Date "2016.11.27"]
[Round "4.5"]
[White "Pilar, Miloslav"]
[Black "Jirman, Pavel"]
[Result "1-0"]
[WhiteElo "2161"]
[BlackElo "2022"]
[PlyCount "105"]
[EventDate "2016.10.09"]
[EventType "team-tourn"]
[EventRounds "11"]
[EventCountry "CZE"]
[SourceTitle "EXT 2022"]
[Source "ChessBase"]
[SourceDate "2021.10.06"]
[SourceVersion "1"]
[SourceVersionDate "2021.10.06"]
[SourceQuality "1"]
[WhiteTeam "Vysehrad II"]
[BlackTeam "Vysehrad III"]
[WhiteTeamCountry "CZE"]
[BlackTeamCountry "CZE"]

1. d4 d5 2. Nf3 Nf6 3. c4 e6 4. Nc3 Be7 5. cxd5 exd5 6. Bf4 0-0 7. e3 c6 8. h3 Bf5 9. a3 Nbd7 10. Be2 Ne4 11. Nxe4 Bxe4 12. 0-0 Nf6 13. Ne5 Nd7 14. b4 Nxe5 15. Bxe5 Bd6 16. Bxd6 Qxd6 17. Bd3 Bxd3 18. Qxd3 Qg6 19. Qxg6 hxg6 20. Rfc1 a5 21. Rab1 axb4 22. axb4 Rfc8 23. b5 Kf8 24. g4 g5 25. Rc5 Ke7 26. bxc6 bxc6 27. Rb7+ Ke6 28. e4 Rab8 29. Rxb8 Rxb8 30. Rxc6+ Ke7 31. Rc5 Rd8 32. e5 Rd7 33. Kg2 f6 34. exf6+ gxf6 35. h4 gxh4 36. Kh3 Kd6 37. Rc3 Rh7 38. Re3 Rh8 39. f4 Ra8 40. f5 Ra4 41. Re6+ Kd7 42. Rxf6 Rxd4 43. Kxh4 Rd1 44. Ra6 d4 45. Kg5 d3 46. Ra2 d2 47. Kf6 Kd6 48. g5 Kd5 49. g6 Ke4 50. g7 Rf1 51. Rxd2 Rxf5+ 52. Kg6 Rf1 53. Rg2 1-0

[Event "CZE-chT2A 1516"]
[Site "Czech Republic"]
[Date "2016.02.07"]
[Round "7.5"]
[White "Bartos, Jan"]
[Black "Pilar, Miloslav"]
[Result "1-0"]
[WhiteElo "2188"]
[BlackElo "2187"]
[PlyCount "41"]
[EventDate "2015.10.18"]
[EventType "team-tourn"]
[EventRounds "11"]
[EventCountry "CZE"]
[SourceTitle "EXT 2022"]
[Source "ChessBase"]
[SourceDate "2021.10.06"]
[SourceVersion "1"]
[SourceVersionDate "2021.10.06"]
[SourceQuality "1"]
[WhiteTeam "Unichess III"]
[BlackTeam "Vysehrad II"]
[WhiteTeamCountry "CZE"]
[BlackTeamCountry "CZE"]

1. d4 d5 2. c4 e6 3. Nf3 Nf6 4. Nc3 Be7 5. Bf4 0-0 6. e3 c5 7. dxc5 dxc4 8. Qc2 Bxc5 9. Bxc4 a6 10. 0-0 b5 11. Bd3 Be7 12. Rfd1 Qb6 13. e4 Nc6 14. a3 g6 15. e5 Nd5 16. Bh6 Nxc3 17. Qxc3 Rd8 18. Be4 Bb7 19. Rxd8+ Rxd8 20. Be3 Qc7 21. Nd4 1-0

[Event "CZE-chT2A 1516"]
[Site "Czech Republic"]
[Date "2015.12.06"]
[Round "4.4"]
[White "Hurdzan, Tomas"]
[Black "Pilar, Miloslav"]
[Result "0-1"]
[WhiteElo "2112"]
[BlackElo "2187"]
[PlyCount "94"]
[EventDate "2015.10.18"]
[EventType "team-tourn"]
[EventRounds "11"]
[EventCountry "CZE"]
[SourceTitle "EXT 2022"]
[Source "ChessBase"]
[SourceDate "2021.10.06"]
[SourceVersion "1"]
[SourceVersionDate "2021.10.06"]
[SourceQuality "1"]
[WhiteTeam "Klatovy"]
[BlackTeam "Vysehrad II"]
[WhiteTeamCountry "CZE"]
[BlackTeamCountry "CZE"]

1. e4 e6 2. Nf3 d5 3. Nc3 Nf6 4. e5 Nfd7 5. d4 c5 6. dxc5 Bxc5 7. Bd3 Nc6 8. Bf4 a6 9. 0-0 Be7 10. Bg3 0-0 11. Re1 b5 12. Qd2 Nc5 13. Ne2 Bb7 14. Ned4 Nxd3 15. Qxd3 Rc8 16. c3 Qb6 17. Bh4 Bxh4 18. Nxh4 Nxd4 19. cxd4 Rc4 20. Nf3 h6 21. b3 Rc6 22. Nd2 Rfc8 23. Nf1 Rc3 24. Qd1 b4 25. Ng3 a5 26. Nh5 Qd8 27. f4 Qh4 28. Rf1 Ba6 29. Rf2 Rd3 30. Qe2 Rc6 31. Ng3 Rxd4 32. Qe3 Rd3 33. Qe1 Rdc3 34. Rd1 g6 35. Ne2 Re3 36. Qd2 Rxe2 37. Rxe2 Bxe2 38. Qxe2 Qxf4 39. Rf1 Rc1 40. Rxc1 Qxc1+ 41. Kf2 Qf4+ 42. Kg1 d4 43. g3 Qe3+ 44. Kf1 Qxe2+ 45. Kxe2 f6 46. exf6 Kf7 47. Kd3 e5 0-1

[Event "CZE-chT1W 1415"]
[Site "Czech Republic"]
[Date "2015.03.22"]
[Round "10.7"]
[White "Pilar, Miloslav"]
[Black "Bednar, Marcel"]
[Result "0-1"]
[WhiteElo "2216"]
[BlackElo "2294"]
[PlyCount "46"]
[EventDate "2014.10.19"]
[EventType "team-tourn"]
[EventRounds "11"]
[EventCountry "CZE"]
[SourceTitle "EXT 2016"]
[Source "ChessBase"]
[SourceDate "2015.10.08"]
[SourceVersion "1"]
[SourceVersionDate "2015.10.08"]
[SourceQuality "1"]
[WhiteTeam "Vysehrad"]
[BlackTeam "Lysa nad Labem II"]
[WhiteTeamCountry "CZE"]
[BlackTeamCountry "CZE"]

1. d4 Nf6 2. c4 g6 3. Nc3 d5 4. Nf3 Bg7 5. Bg5 Ne4 6. cxd5 Nxg5 7. Nxg5 e6 8. Nf3 exd5 9. e3 a5 10. Be2 0-0 11. 0-0 c6 12. a3 Qe7 13. Na4 Nd7 14. Rc1 Re8 15. Re1 Bf8 16. Qb3 Qf6 17. Nb6 Nxb6 18. Qxb6 a4 19. Ra1 Re6 20. Ne5 Bd6 21. Bg4 Ra6 22. Nd7 Qh4 23. g3 Qe7 0-1

[Event "CZE-chT2C 1415"]
[Site "Czech Republic"]
[Date "2015.02.08"]
[Round "7.4"]
[White "Pilar, Miloslav"]
[Black "Hradecky, Ivo"]
[Result "1/2-1/2"]
[WhiteElo "2216"]
[BlackElo "2102"]
[PlyCount "91"]
[EventDate "2014.11.02"]
[EventType "team-tourn"]
[EventRounds "11"]
[EventCountry "CZE"]
[SourceTitle "EXT 2022"]
[Source "ChessBase"]
[SourceDate "2021.10.06"]
[SourceVersion "1"]
[SourceVersionDate "2021.10.06"]
[SourceQuality "1"]
[WhiteTeam "Vysehrad II"]
[BlackTeam "Dolni Kralovice"]
[WhiteTeamCountry "CZE"]
[BlackTeamCountry "CZE"]

1. Nf3 Nf6 2. d4 c5 3. c3 e6 4. Bf4 d5 5. e3 Be7 6. Nbd2 Nc6 7. Bd3 0-0 8. Ne5 Bd7 9. 0-0 a6 10. Bg3 b5 11. dxc5 Nxe5 12. Bxe5 Bxc5 13. Qf3 Bc6 14. Qh3 h6 15. Nf3 Qe7 16. Rad1 Rfc8 17. Bb1 b4 18. cxb4 Bxb4 19. Qh4 Nd7 20. Qxe7 Bxe7 21. Bc3 Bf6 22. Bxf6 Nxf6 23. Rd2 Bb5 24. Rfd1 Rc5 25. Nd4 Ba4 26. b3 Bd7 27. Rc2 Rxc2 28. Bxc2 Rc8 29. Bb1 Kf8 30. Kf1 Ke7 31. Ke1 g6 32. h3 Rc5 33. Kd2 Kd6 34. Bd3 e5 35. b4 Rc7 36. Nb3 Bb5 37. Nc5 Bxd3 38. Kxd3 a5 39. a3 axb4 40. axb4 Nd7 41. Nxd7 Kxd7 42. Ra1 Rc4 43. Ra7+ Ke6 44. Rb7 h5 45. Rb6+ Ke7 46. Rb7+ 1/2-1/2

[Event "CZE-chT1W 1415"]
[Site "Czech Republic"]
[Date "2014.11.23"]
[Round "3.6"]
[White "Pilar, Miloslav"]
[Black "Richtrova, Eliska"]
[Result "1-0"]
[WhiteElo "2216"]
[BlackElo "2239"]
[PlyCount "80"]
[EventDate "2014.10.19"]
[EventType "team-tourn"]
[EventRounds "11"]
[EventCountry "CZE"]
[SourceTitle "CBM 163 Extra"]
[Source "ChessBase"]
[SourceDate "2014.12.23"]
[SourceVersion "1"]
[SourceVersionDate "2014.12.23"]
[SourceQuality "1"]
[WhiteTeam "Vysehrad"]
[BlackTeam "Ceske Budejovice"]
[WhiteTeamCountry "CZE"]
[BlackTeamCountry "CZE"]

1. Nf3 d5 2. c4 Nf6 3. d4 g6 4. Nc3 Bg7 5. Bg5 Ne4 6. cxd5 Nxc3 7. bxc3 Qxd5 8. e3 Nc6 9. Qb3 Qxb3 10. axb3 f6 11. Bf4 e5 12. Bg3 exd4 13. cxd4 Nb4 14. Kd2 c6 15. Bc4 b5 16. Be2 Bf8 17. Rhc1 Be6 18. Bd1 Kd7 19. Ne1 a5 20. Nd3 Nxd3 21. Kxd3 Ra6 22. Kc3 Bb4+ 23. Kb2 Rha8 24. Bf3 R8a7 25. Rd1 Bf7 26. d5 c5 27. Be2 Rb6 28. e4 a4 29. bxa4 bxa4 30. Ka2 Bc3 31. Rab1 Rb4 32. Bb5+ Kd8 33. Bc6 Rxe4 34. Rb8+ Ke7 35. Kb1 Rb4+ 36. Kc2 Be5 37. Bxe5 fxe5 38. d6+ Kf6 39. Rxb4 cxb4 40. d7 b3+ 1-0

[Event "CZE-chT1W 1415"]
[Site "Czech Republic"]
[Date "2014.10.19"]
[Round "1.6"]
[White "Pilar, Miloslav"]
[Black "Vltavsky, Vladimir"]
[Result "1/2-1/2"]
[WhiteElo "2216"]
[BlackElo "2177"]
[PlyCount "97"]
[EventDate "2014.10.19"]
[EventType "team-tourn"]
[EventRounds "11"]
[EventCountry "CZE"]
[SourceTitle "EXT 2015"]
[Source "ChessBase"]
[SourceDate "2014.11.20"]
[SourceVersion "1"]
[SourceVersionDate "2014.11.20"]
[SourceQuality "1"]
[WhiteTeam "Vysehrad"]
[BlackTeam "Novoborsky II"]
[WhiteTeamCountry "CZE"]
[BlackTeamCountry "CZE"]

1. Nf3 Nf6 2. d4 e6 3. g3 b6 4. Bg2 Bb7 5. 0-0 Be7 6. c4 0-0 7. Nc3 Ne4 8. Qc2 Nxc3 9. Qxc3 d6 10. b3 Nd7 11. Bb2 Bf6 12. Qc2 g6 13. Rad1 Qe7 14. Ne1 Bxg2 15. Nxg2 a5 16. e4 Bg7 17. f4 f5 18. Rfe1 Qf7 19. Ba3 Rfd8 20. e5 dxe5 21. dxe5 Bf8 22. Bxf8 Qxf8 23. Rd2 Nc5 24. Rxd8 Rxd8 25. Rd1 Ne4 26. Ne3 Kf7 27. Kg2 Ke8 28. Rxd8+ Kxd8 29. Nd1 Qb4 30. Nf2 Qc3 31. Qxc3 Nxc3 32. a4 Ne2 33. Nd3 Nd4 34. Nc1 h6 35. Kf2 c5 36. h4 Ke7 37. Kg2 Kf7 38. Kf2 Kg7 39. Kg2 Kg8 40. Kf2 Kg7 41. Kg2 Kf7 42. Kf2 g5 43. h5 g4 44. Ke3 Nc2+ 45. Kd2 Nd4 46. Ne2 Nc6 47. Nc3 Nd4 48. Nb5 Nxb5 49. axb5 1/2-1/2

[Event "CZE-chT2B 1314"]
[Site "Czech Republic"]
[Date "2014.04.06"]
[Round "11.5"]
[White "Dvorak, Jaroslav"]
[Black "Pilar, Miloslav"]
[Result "0-1"]
[WhiteElo "2058"]
[BlackElo "2254"]
[PlyCount "60"]
[EventDate "2013.11.03"]
[EventType "team-tourn"]
[EventRounds "11"]
[EventCountry "CZE"]
[SourceTitle "EXT 2015"]
[Source "ChessBase"]
[SourceDate "2014.11.20"]
[SourceVersion "1"]
[SourceVersionDate "2014.11.20"]
[SourceQuality "1"]
[WhiteTeam "Litvinov Lom"]
[BlackTeam "Vysehrad"]
[WhiteTeamCountry "CZE"]
[BlackTeamCountry "CZE"]

1. e4 e6 2. f4 d5 3. e5 c5 4. c3 f5 5. Nf3 Nh6 6. d3 Be7 7. Be2 0-0 8. 0-0 Nc6 9. Na3 Bd7 10. Nc2 b5 11. d4 c4 12. h3 a5 13. Ng5 Rb8 14. Ne3 b4 15. g4 fxg4 16. Bxg4 Nxg4 17. Qxg4 Bxg5 18. fxg5 Rxf1+ 19. Nxf1 Qe7 20. Ng3 Rf8 21. Bd2 Be8 22. a3 bxc3 23. Bxc3 Bg6 24. h4 Bd3 25. Bd2 Qf7 26. Be3 Qf3 27. Qxf3 Rxf3 28. Bf2 Nxd4 29. Kg2 Nb3 30. Re1 Rf7 0-1

[Event "CZE-chT2B 1314"]
[Site "Czech Republic"]
[Date "2014.03.02"]
[Round "9.7"]
[White "Pilar, Miloslav"]
[Black "Lesak, Jiri"]
[Result "1/2-1/2"]
[WhiteElo "2254"]
[BlackElo "1923"]
[PlyCount "80"]
[EventDate "2013.11.03"]
[EventType "team-tourn"]
[EventRounds "11"]
[EventCountry "CZE"]
[SourceTitle "EXT 2015"]
[Source "ChessBase"]
[SourceDate "2014.11.20"]
[SourceVersion "1"]
[SourceVersionDate "2014.11.20"]
[SourceQuality "1"]
[WhiteTeam "Vysehrad"]
[BlackTeam "Decin"]
[WhiteTeamCountry "CZE"]
[BlackTeamCountry "CZE"]

1. d4 d5 2. Nf3 Nf6 3. c4 e6 4. Nc3 Nbd7 5. cxd5 exd5 6. Bf4 c6 7. e3 Bb4 8. Bd3 0-0 9. 0-0 Re8 10. Qc2 Nf8 11. h3 Ng6 12. Bh2 Bd6 13. Bxd6 Qxd6 14. a3 Bd7 15. b4 Rac8 16. Rab1 Rc7 17. Rfc1 Rec8 18. a4 Ne7 19. a5 g6 20. Ne5 Bf5 21. Bxf5 Nxf5 22. Qd3 Nd7 23. Nf3 Nf6 24. Na4 Ne4 25. Nc5 Qe7 26. Nd2 Nxd2 27. Qxd2 Nd6 28. Nd3 Nc4 29. Qc3 a6 30. Re1 Qg5 31. Rbd1 Re7 32. Re2 Rce8 33. Rde1 Nd6 34. Ne5 Nb5 35. Qd3 Qf6 36. Qd2 Qd6 37. Nd3 Kg7 38. Nc5 Qf6 39. Qd3 h6 40. Nb3 Nd6 1/2-1/2

[Event "CZE-chT1W 1213"]
[Site "Czech Republic"]
[Date "2013.02.24"]
[Round "8.7"]
[White "Pilar, Miloslav"]
[Black "Tuma, Jakub"]
[Result "1/2-1/2"]
[WhiteElo "2252"]
[BlackElo "2275"]
[PlyCount "81"]
[EventDate "2012.10.28"]
[EventType "team-tourn"]
[EventRounds "11"]
[EventCountry "CZE"]
[SourceTitle "EXT 2014"]
[Source "ChessBase"]
[SourceDate "2013.11.20"]
[SourceVersion "1"]
[SourceVersionDate "2013.11.20"]
[SourceQuality "1"]
[WhiteTeam "Vysehrad"]
[BlackTeam "Praha Holdia II"]
[WhiteTeamCountry "CZE"]
[BlackTeamCountry "CZE"]

1. Nf3 Nf6 2. c4 g6 3. Nc3 Bg7 4. d4 d6 5. e4 0-0 6. Be2 Na6 7. b3 c5 8. Bb2 cxd4 9. Nxd4 Nc5 10. Bf3 Nfd7 11. 0-0 Ne5 12. Be2 Nc6 13. Nxc6 bxc6 14. Bf3 Qb6 15. Qd2 a5 16. Nb1 Bxb2 17. Qxb2 a4 18. Nd2 e5 19. Qc3 Ne6 20. b4 Qd4 21. Qxd4 Nxd4 22. a3 Be6 23. Rac1 Nb3 24. Rc2 Rfd8 25. Rd1 Nd4 26. Rc3 f5 27. Kf1 fxe4 28. Nxe4 Nxf3 29. gxf3 d5 30. cxd5 cxd5 31. Ng5 Bd7 32. Rc5 d4 33. Rxe5 Rac8 34. Ke1 Rc3 35. Rxd4 Rxa3 36. Re7 Ra1+ 37. Kd2 Ra2+ 38. Ke3 Ra3+ 39. Kd2 Ra2+ 40. Ke3 Ra3+ 41. Kd2 1/2-1/2

[Event "CZE-chT1W 1011"]
[Site "Czech Republic"]
[Date "2011.01.30"]
[Round "7.6"]
[White "Pilar, Miloslav"]
[Black "Tuma, Jakub"]
[Result "1-0"]
[WhiteElo "2287"]
[BlackElo "2305"]
[PlyCount "85"]
[EventDate "2010.10.10"]
[EventType "team-tourn"]
[EventRounds "11"]
[EventCountry "CZE"]
[SourceTitle "EXT 2012"]
[Source "ChessBase"]
[SourceDate "2011.11.24"]
[SourceVersion "1"]
[SourceVersionDate "2011.11.24"]
[SourceQuality "1"]
[WhiteTeam "Praha Vysehrad"]
[BlackTeam "Praha Holdia II"]
[WhiteTeamCountry "CZE"]
[BlackTeamCountry "CZE"]

1. d4 Nf6 2. Nf3 g6 3. c4 Bg7 4. Nc3 0-0 5. e4 d6 6. Be2 Nbd7 7. 0-0 c6 8. Qc2 a6 9. h3 b5 10. Be3 Qc7 11. Rac1 b4 12. Na4 c5 13. d5 e6 14. dxe6 fxe6 15. e5 dxe5 16. Ng5 Re8 17. Bf3 Bb7 18. Ne4 Bf8 19. Nxf6+ Nxf6 20. Bxb7 Qxb7 21. Nxc5 Qc6 22. Bg5 Bxc5 23. Bxf6 Bd4 24. Rce1 Rac8 25. b3 Qd6 26. Qe4 Rc5 27. Re2 Rf8 28. Bg5 Ra5 29. Bh6 Re8 30. Kh1 Bc3 31. Kh2 Rc5 32. Re3 Ra5 33. a4 Qe7 34. Rg3 Rb8 35. h4 Qb7 36. Qxb7 Rxb7 37. Rd1 Bd4 38. Be3 Rf7 39. Kg1 Bxe3 40. Rxe3 Kf8 41. Rd6 Ke7 42. Rb6 Rf4 43. g3 1-0